[Event "TURNIEJ O PUCHAR UKS PALAC MLODZIEZY KATOWICE Z OKAZJI DNIA NIEPODLEGLOSCI"]
[Site "Centrum Kongresow i Rekreacji Orle Gniazdo ul. Wrzosowa 28a, Szczyrk"]
[Date "1899-12-30"]
[Round "5.20"]
[White "Namyslak, Piotr"]
[Black "Mytych, Wiktoria"]
[Result "1/2-1/2"]
[WhiteTitle "I"]
[BlackTitle "I"]
[WhiteElo "1696"]
[BlackElo "1332"]

1. c4 e5 2. Nc3 Nf6 3. g3 d5 4. cxd5 Nxd5 5. Bg2 Be6 6. e3 Nc6 7. Nge2 Be7 8. d4
exd4 9. exd4 O-O 10. O-O Rb8 11. Be3 Bf6 12. Nxd5 Bxd5 13. Bxd5 Qxd5 14. Nc3 Qd7
15. d5 Ne7 16. Bc5 b6 17. Bxe7 Bxe7 18. Qf3 Bd6 19. Ne4 Be5 20. Nc3 Bxc3 21. bxc3
Qd6 22. Rfd1 Rbd8 23. c4 Qc5 24. Qb3 Rd6 25. a4 c6 26. Rd2 cxd5 27. cxd5 Rfd8
28. Rad1 h6 29. Qb5 Qc7 30. Rd4 Qd7 31. Qxd7 R8xd7 32. Kg2 Kf8 33. Kf3 Ke7 34.
Ke4 Kf6 35. f4 g6 36. g4 Re7+ 37. Kf3 Red7 1/2-1/2

[Event "TURNIEJ O PUCHAR UKS PALAC MLODZIEZY KATOWICE Z OKAZJI DNIA NIEPODLEGLOSCI"]
[Site "Centrum Kongresow i Rekreacji Orle Gniazdo ul. Wrzosowa 28a, Szczyrk"]
[Date "1899-12-30"]
[Round "5.21"]
[White "Golinski, Kacper"]
[Black "Tylenda, Krzysztof"]
[Result "0-1"]
[WhiteTitle "II"]
[BlackTitle "I"]
[WhiteElo "1300"]
[BlackElo "1688"]

1. e4 c5 2. Nf3 Nc6 3. Bb5 g6 4. O-O Bg7 5. Nc3 Nf6 6. d3 O-O 7. Be3 b6 8. Qd2
Ng4 9. Rae1 a6 10. Bc4 d6 11. h3 Nxe3 12. Qxe3 b5 13. Bd5 Bb7 14. e5 Qc7 15. e6
f5 16. Ng5 h6 17. Nf7 Nd8 18. Bxb7 Qxb7 19. Nxh6+ Kh7 20. Nf7 Nxf7 21. exf7 Rxf7
22. Qe6 Raf8 23. Re3 Bf6 24. Rfe1 Kg7 25. Kh1 Bd4 26. R3e2 Re8 27. Nd1 Rf6 28.
Qb3 Rf7 29. c3 Bf6 30. Ne3 e5 31. Nd5 Qc6 32. Ne3 d5 33. Qxd5 Qc7 34. Qb3 Rd8
35. Nd5 Qc6 36. Nxf6 Qxf6 37. Rxe5 Rxd3 38. Re6 Qd8 39. R6e2 c4 40. Qc2 Rfd7 41.
Qc1 Rd1 42. Rxd1 Rxd1+ 43. Re1 Rxc1 44. Rxc1 Qd2 45. Rf1 Qxb2 46. Re1 Qxc3 47.
Re7+ Kf6 48. Ra7 Qa3 49. Rb7 Qxa2 50. Rb6+ Ke5 51. Kg1 c3 52. g3 c2 53. f4+ Ke4
54. Re6+ Kf3 55. Re1 Qb1 56. Kf1 Qxe1+ 57. Kxe1 c1=Q# 0-1

[Event "TURNIEJ O PUCHAR UKS PALAC MLODZIEZY KATOWICE Z OKAZJI DNIA NIEPODLEGLOSCI"]
[Site "Centrum Kongresow i Rekreacji Orle Gniazdo ul. Wrzosowa 28a, Szczyrk"]
[Date "1899-12-30"]
[Round "5.23"]
[White "Rudecki, Bartosz"]
[Black "Jarzebowski, Kacper"]
[Result "0-1"]
[WhiteTitle "II+"]
[BlackTitle "I+"]
[WhiteElo "1738"]
[BlackElo "1561"]

1. e4 c5 2. Nf3 a6 3. d3 g6 4. g3 Bg7 5. Bg2 b5 6. O-O Bb7 7. Re1 d6 8. c3 Nd7
9. d4 cxd4 10. cxd4 Rc8 11. a3 Nb6 12. Nc3 Nf6 13. Bg5 O-O 14. Rc1 Nc4 15. Qe2
Nd7 16. Nd5 Re8 17. Bxe7 Rxe7 18. Nxe7+ Qxe7 19. h4 Ndb6 20. b3 Nxa3 21. Rxc8+
Bxc8 22. Ra1 b4 23. Qd3 Nb5 24. Bf1 Nc3 25. Re1 a5 26. e5 dxe5 27. Nxe5 Bxe5 28.
Rxe5 Qd7 29. Rxa5 Bb7 30. Re5 Qc6 31. f3 Qxf3 32. Qxf3 Bxf3 33. Kf2 Bd5 34. Re8+
Kg7 35. Rb8 Ne4+ 36. Ke3 Nd7 37. Rxb4 Nxg3 38. Kf2 Ne4+ 39. Ke3 Ng3 40. Kf2 Nf5
41. Bd3 Nxh4 42. Rb5 Nf6 43. Bc4 Be4 44. Re5 Ng4+ 45. Ke3 Nxe5 46. dxe5 Bb7 47.
Kf4 Nf5 48. b4 h5 49. Bf1 Nd4 50. Ke3 Nc6 51. b5 Nxe5 52. Kd4 Ng4 53. Kc5 h4 54.
Kb6 Bf3 55. Kc7 Ne3 56. Bh3 g5 57. Bd7 0-1

[Event "TURNIEJ O PUCHAR UKS PALAC MLODZIEZY KATOWICE Z OKAZJI DNIA NIEPODLEGLOSCI"]
[Site "Centrum Kongresow i Rekreacji Orle Gniazdo ul. Wrzosowa 28a, Szczyrk"]
[Date "1899-12-30"]
[Round "5.24"]
[White "Kawalko, Adam"]
[Black "Kupiecki, Szymon"]
[Result "1/2-1/2"]
[WhiteTitle "II+"]
[BlackTitle "II"]
[WhiteElo "1703"]
[BlackElo "1458"]

1. e4 e5 2. Nf3 Nc6 3. Bc4 Nf6 4. Ng5 d5 5. exd5 Na5 6. Bb5+ Bd7 7. Bxd7+ Qxd7
8. Nc3 Nxd5 9. O-O Be7 10. Nf3 Bf6 11. Re1 Nc6 12. d4 Nxc3 13. bxc3 O-O 14. dxe5
Qxd1 15. Rxd1 Bxe5 16. Nxe5 Nxe5 17. Ba3 Rfd8 18. f4 Nc4 19. Bc5 b6 20. Bf2 Kf8
21. g4 Ke7 22. Re1+ Kf8 23. Rad1 Na3 24. Rd3 Nxc2 25. Red1 Rxd3 26. Rxd3 Na3 27.
Rd7 Rc8 28. Be3 Nb5 29. Rd3 Ke7 30. a4 Nd6 31. f5 Rd8 32. Bg5+ f6 33. Bf4 c5 34.
Re3+ Kf7 35. Re6 Nc4 36. Rc6 Rd7 37. Kg2 Na5 38. Re6 Nc4 39. h4 Nb2 40. Re4 Nd3
41. Bg3 Re7 42. Rc4 Nb2 43. Rf4 h6 44. Kh3 Nd3 45. Rf3 Nb2 46. Rf2 Nxa4 47. Ra2
Nxc3 48. Ra3 Ne4 49. Bf4 a5 50. Rb3 Rb7 51. Re3 Re7 52. Rb3 Nf2+ 53. Kg2 Nd1 54.
Rxb6 c4 55. Rc6 c3 56. Bc7 Re2+ 57. Kf1 Re7 58. Bxa5 Ne3+ 59. Kg1 Nd1 60. Bxc3
Nxc3 61. Rxc3 Re4 62. Rg3 Ke7 63. Kf2 Kd6 64. Kf3 Ke5 65. Rg2 Rb4 66. Re2+ Kd5
67. Re7 Rb3+ 68. Kg2 Rb2+ 69. Kg3 Rb3+ 70. Kf2 Rb2+ 71. Ke1 Rh2 72. h5 Rh1+ 73.
Kf2 Rh2+ 74. Kg3 Rh1 75. Rxg7 Rg1+ 76. Kf2 Ra1 77. Rg6 Ra2+ 78. Ke3 Ra3+ 79. Kd2
Rg3 80. Rxh6 Rxg4 81. Rxf6 Rg5 82. h6 Ke5 83. Rf8 Rh5 84. f6 Rxh6 85. f7 Kf6 86.
Ke3 Rh7 87. Ra8 Rxf7 1/2-1/2

[Event "TURNIEJ O PUCHAR UKS PALAC MLODZIEZY KATOWICE Z OKAZJI DNIA NIEPODLEGLOSCI"]
[Site "Centrum Kongresow i Rekreacji Orle Gniazdo ul. Wrzosowa 28a, Szczyrk"]
[Date "1899-12-30"]
[Round "5.25"]
[White "Bartkiewicz, Pawel"]
[Black "Skowron, Mateusz"]
[Result "1-0"]
[WhiteTitle "I"]
[BlackTitle "I"]
[WhiteElo "1698"]
[BlackElo "1448"]

1. e4 c6 2. Nc3 d5 3. Qf3 Nf6 4. d3 e6 5. Qg3 g6 6. f4 Nh5 7. Qf2 Bg7 8. e5 Bf8
9. Nf3 h6 10. Ne2 c5 11. d4 Nc6 12. c3 cxd4 13. Nexd4 Nxd4 14. Nxd4 Bd7 15. Bd3
Rc8 16. Be3 Ng7 17. O-O Nf5 18. Nxf5 gxf5 19. Bxa7 Be7 20. Bb6 Rc7 21. Bxc7 Qxc7
22. Kh1 Bc5 23. Qe2 h5 24. Rf3 Bc6 25. Bb5 Ke7 26. Bxc6 bxc6 27. b4 Ba7 28. c4
Qc8 29. c5 h4 30. h3 Qg8 31. a4 Kd7 32. Rc3 Qb8 33. b5 cxb5 34. axb5 Qc8 35. Rxa7+
Ke8 36. b6 Qb8 37. Qb5+ Kf8 38. Qd7 Rh7 39. Rca3 Kg8 40. Ra8 Qxa8 41. Rxa8+ Kg7
42. b7 d4 43. Qxd4 Rh6 44. b8=R Rh7 45. Rg8+ Kh6 46. Qf2 Rg7 47. Qxh4+ Kg6 48.
Qg5+ Kh7 49. Qh5# 1-0

[Event "TURNIEJ O PUCHAR UKS PALAC MLODZIEZY KATOWICE Z OKAZJI DNIA NIEPODLEGLOSCI"]
[Site "Centrum Kongresow i Rekreacji Orle Gniazdo ul. Wrzosowa 28a, Szczyrk"]
[Date "1899-12-30"]
[Round "5.26"]
[White "Krzysztynska, Anna"]
[Black "Koseski, Damian"]
[Result "0-1"]
[WhiteTitle "I"]
[BlackTitle "I"]
[WhiteElo "1487"]
[BlackElo "1611"]

1. e4 c5 2. c3 d5 3. exd5 Qxd5 4. Nf3 Nc6 5. d4 Bf5 6. Be3 cxd4 7. cxd4 O-O-O 8.
Nc3 Qd6 9. Be2 Nf6 10. O-O Ng4 11. Rc1 Nxe3 12. fxe3 Kb8 13. e4 Bg6 14. d5 Ne5
15. Nb5 Nxf3+ 16. Rxf3 Qb6+ 17. Kh1 Bxe4 18. Rxf7 Bxg2+ 19. Kxg2 Qg6+ 20. Kh1
Qxf7 21. Bf3 e5 22. Qe2 Bd6 23. Qe3 b6 24. Rc6 Qe7 25. Qc3 Rhf8 26. Bg2 e4 27.
Bh3 Be5 28. Qc1 Qb7 29. d6 e3 30. Rc7 0-1

[Event "TURNIEJ O PUCHAR UKS PALAC MLODZIEZY KATOWICE Z OKAZJI DNIA NIEPODLEGLOSCI"]
[Site "Centrum Kongresow i Rekreacji Orle Gniazdo ul. Wrzosowa 28a, Szczyrk"]
[Date "1899-12-30"]
[Round "5.27"]
[White "Kmiecik, Wojciech"]
[Black "Bien, Hubert"]
[Result "1-0"]
[WhiteTitle "I+"]
[BlackTitle "II"]
[WhiteElo "1953"]
[BlackElo "1267"]

1. d4 e6 2. Nf3 d5 3. c4 Nf6 4. Nc3 b6 5. cxd5 exd5 6. Bg5 Be7 7. e3 Bb7 8. Bd3
Nbd7 9. O-O O-O 10. Rc1 c5 11. Bb1 cxd4 12. Nxd4 h6 13. Bf4 Ne4 14. Nxe4 dxe4
15. Rc7 Nc5 16. b4 Bd6 17. Bxd6 Qxd6 18. Rxb7 Nxb7 19. Qg4 Qg6 20. Qd7 Nd8 21.
f3 Ne6 22. Bxe4 Qf6 23. Nxe6 Qxe6 24. Qxe6 fxe6 25. Bxa8 Rxa8 26. Rd1 a5 27. b5
Kf7 28. Rd6 Rb8 29. Kf2 Ke7 30. Rc6 Kd7 31. a4 Rb7 32. e4 Ke7 33. Ke3 Kd7 34.
f4 Ke7 35. Kd4 Kd7 36. Ke5 Ke7 37. Rxe6+ 1-0

[Event "TURNIEJ O PUCHAR UKS PALAC MLODZIEZY KATOWICE Z OKAZJI DNIA NIEPODLEGLOSCI"]
[Site "Centrum Kongresow i Rekreacji Orle Gniazdo ul. Wrzosowa 28a, Szczyrk"]
[Date "1899-12-30"]
[Round "5.28"]
[White "Dytman, Radoslaw"]
[Black "Guzik, Wojciech"]
[Result "1-0"]
[WhiteTitle "I"]
[BlackTitle "II+"]
[WhiteElo "1689"]
[BlackElo "1256"]

1. e4 c6 2. d4 d5 3. Nc3 dxe4 4. Nxe4 Bf5 5. Ng3 Bg6 6. h4 h5 7. Nf3 Nf6 8. Bd3
Bxd3 9. Qxd3 Nbd7 10. Bf4 e6 11. O-O Nd5 12. Bd2 Bd6 13. Ne4 Be7 14. a3 N7f6 15.
g3 Nxe4 16. Qxe4 Nf6 17. Qd3 Bd6 18. c4 Rc8 19. Rfe1 Kf8 20. Qb3 Qc7 21. Kg2 a6
22. Bb4 Bxb4 23. Qxb4+ Kg8 24. Ne5 Nd7 25. f4 Rh6 26. Rad1 Nxe5 27. dxe5 Rd8 28.
Rxd8+ Qxd8 29. Qd6 Qb6 30. b4 a5 31. Rd1 axb4 32. axb4 Rg6 33. Qd8+ Qxd8 34. Rxd8+
f5 1-0

[Event "TURNIEJ O PUCHAR UKS PALAC MLODZIEZY KATOWICE Z OKAZJI DNIA NIEPODLEGLOSCI"]
[Site "Centrum Kongresow i Rekreacji Orle Gniazdo ul. Wrzosowa 28a, Szczyrk"]
[Date "1899-12-30"]
[Round "5.29"]
[White "Dixa, Stanislaw"]
[Black "Kubiak, Aleksandra"]
[Result "0-1"]
[WhiteTitle "I"]
[BlackTitle "II"]
[WhiteElo "1667"]
[BlackElo "1252"]

1. e4 a6 2. Nf3 b5 3. d4 Bb7 4. Bd3 Nf6 5. e5 Nd5 6. c3 e6 7. O-O c5 8. Re1 cxd4
9. cxd4 Nc6 10. Nc3 Ncb4 11. Be4 Rc8 12. a3 Nxc3 13. bxc3 Nd5 14. Bxd5 Bxd5 15.
Bb2 Be7 16. a4 Qb6 17. axb5 Qxb5 18. Rb1 Qa5 19. Qd2 O-O 20. Ra1 Qb5 21. Reb1
Qc4 22. Qe3 Rb8 23. Nd2 Qc6 24. Qd3 Ra8 25. c4 Bxg2 26. f3 Bh3 27. d5 exd5 28.
cxd5 Qc5+ 29. Bd4 Qc8 30. d6 Bg5 31. Ne4 Bf5 32. Nf6+ Bxf6 33. Qxf5 Bh4 34. Qg4
g5 35. Kh1 Rb8 36. Rc1 Qb7 37. Rab1 Qa8 38. Ra1 Rb3 39. Rc7 Rxf3 0-1

[Event "TURNIEJ O PUCHAR UKS PALAC MLODZIEZY KATOWICE Z OKAZJI DNIA NIEPODLEGLOSCI"]
[Site "Centrum Kongresow i Rekreacji Orle Gniazdo ul. Wrzosowa 28a, Szczyrk"]
[Date "1899-12-30"]
[Round "5.30"]
[White "Raclawicki, Kacper"]
[Black "Bartoszewski-reiski, Olaf"]
[Result "0-1"]
[WhiteTitle "I"]
[BlackTitle "II"]
[WhiteElo "1619"]
[BlackElo "1233"]

1. d4 d5 2. c3 Nc6 3. e3 Nf6 4. Bd3 e5 5. dxe5 Nxe5 6. Nf3 Nxd3+ 7. Qxd3 Be6 8.
O-O Be7 9. Rd1 O-O 10. Qe2 Bg4 11. c4 c6 12. h3 Bh5 13. b3 Qc7 14. cxd5 Nxd5 15.
Bb2 f6 16. Nc3 Nxc3 17. Bxc3 Rad8 18. Rac1 Rxd1+ 19. Rxd1 Rd8 20. Rxd8+ Qxd8 21.
g4 Bg6 22. Nd4 Qd5 23. f3 c5 24. Nb5 a6 25. Na3 Qd3 26. Qxd3 Bxd3 27. Nc4 Bxc4
28. bxc4 b5 29. Kf2 bxc4 30. e4 Kf7 31. Ke3 Ke6 32. Be1 Bd6 33. Kd2 Bc7 34. Bf2
Ba5+ 35. Kc2 Kd6 36. f4 Bb4 37. Be3 a5 38. h4 Ke6 39. g5 fxg5 40. hxg5 Kd6 41.
Bf2 Ke6 42. Bg3 g6 43. Bh2 Be1 44. Bg1 Bb4 45. Bf2 Kd6 46. Bg3 Ke6 47. Bf2 a4
48. Bg3 a3 49. Kd1 Ke7 50. f5 gxf5 51. exf5 Kf7 52. Bf4 Bc3 53. Ke2 Bd4 54. Bd6
Bg1 55. Be5 Ke7 56. Bf4 Bd4 57. Kd2 Kf7 58. Kc2 Ke7 59. Bc1 Kd7 60. Bxa3 Kc6 61.
Bc1 Be5 62. g6 hxg6 63. fxg6 Bg7 64. Bg5 Kd5 65. a4 Kc6 66. Bd8 Kb7 67. Kd2 c3+
68. Kc2 c4 69. Ba5 Ka6 70. Bxc3 Bf8 71. Bf6 Ka5 72. Kc3 Kxa4 73. Kxc4 Ka5 74.
Kd5 Kb6 75. Ke6 Kc7 76. Kf7 Bh6 77. Bg5 0-1

[Event "TURNIEJ O PUCHAR UKS PALAC MLODZIEZY KATOWICE Z OKAZJI DNIA NIEPODLEGLOSCI"]
[Site "Centrum Kongresow i Rekreacji Orle Gniazdo ul. Wrzosowa 28a, Szczyrk"]
[Date "1899-12-30"]
[Round "5.31"]
[White "Rosenfeld, Noe"]
[Black "Wolak, Kamil"]
[Result "1/2-1/2"]
[WhiteTitle "II"]
[BlackTitle "II"]
[WhiteElo "1243"]
[BlackElo "1520"]

1. e4 e5 2. Nf3 d6 3. d4 Bg4 4. Nbd2 exd4 5. h3 Bxf3 6. Qxf3 Nc6 7. Nb3 Ne5 8.
Qd1 Nf6 9. f4 Nc6 10. Bd3 Be7 11. O-O O-O 12. Qf3 d5 13. e5 Ne8 14. Qg3 Bh4 15.
Qg4 a5 16. a4 Nb4 17. Nxd4 c5 18. Nb5 c4 19. Bf5 Be7 20. c3 Bc5+ 21. Kh1 Nc6 22.
Bd7 Ne7 23. Bxe8 Rxe8 24. Rf3 Ng6 25. Rg3 Qh4 26. Qxh4 Nxh4 27. Nc7 Nf5 28. Rf3
Nh4 29. Rf1 Rec8 30. Nxa8 Rxa8 31. Bd2 Nf5 32. Rae1 Ng3+ 33. Kh2 Nxf1+ 34. Rxf1
d4 35. cxd4 Bxd4 36. Bc3 Bxc3 37. bxc3 Rd8 38. Rb1 Rd7 39. Kg3 Rd3+ 40. Kf2 Rxc3
41. Rxb7 Kf8 42. Ra7 Rc2+ 43. Ke1 Rxg2 44. Rxa5 Ke8 1/2-1/2

[Event "TURNIEJ O PUCHAR UKS PALAC MLODZIEZY KATOWICE Z OKAZJI DNIA NIEPODLEGLOSCI"]
[Site "Centrum Kongresow i Rekreacji Orle Gniazdo ul. Wrzosowa 28a, Szczyrk"]
[Date "1899-12-30"]
[Round "5.32"]
[White "Markiewicz, Krzysztof"]
[Black "Socha, Krzysztof"]
[Result "0-1"]
[WhiteTitle "II"]
[BlackTitle "II+"]
[WhiteElo "1231"]
[BlackElo "1468"]

1. e4 c5 2. Nf3 Nc6 3. d4 cxd4 4. Nxd4 g6 5. Nc3 Bg7 6. Nxc6 bxc6 7. Bc4 d6 8.
Bb3 Nf6 9. Be3 O-O 10. f3 Ba6 11. g4 Nd7 12. Qd2 Ne5 13. Qf2 Qc7 14. h4 Bc4 15.
h5 Bxb3 16. axb3 c5 17. O-O-O c4 18. b4 Rfb8 19. hxg6 fxg6 20. Qh2 Kf7 21. Nd5
Qb7 22. Rdg1 e6 23. f4 exd5 24. fxe5 Qxb4 25. e6+ Ke8 26. b3 Qc3 27. Qxh7 Qb2+
28. Kd1 Qb1+ 29. Ke2 Qxc2+ 30. Bd2 Qd3+ 31. Ke1 Qb1+ 32. Kf2 Bd4+ 33. Kf3 Qd3+
34. Kg2 Qxe4+ 35. Kh3 Qf3+ 36. Kh4 Bf6+ 37. g5 Qf2+ 38. Rg3 0-1

[Event "TURNIEJ O PUCHAR UKS PALAC MLODZIEZY KATOWICE Z OKAZJI DNIA NIEPODLEGLOSCI"]
[Site "Centrum Kongresow i Rekreacji Orle Gniazdo ul. Wrzosowa 28a, Szczyrk"]
[Date "1899-12-30"]
[Round "5.33"]
[White "Jakubowska, Urszula"]
[Black "Laszczuk, Zuzanna"]
[Result "0-1"]
[WhiteTitle "I"]
[BlackTitle "I"]
[WhiteElo "1450"]
[BlackElo "1229"]

1. b4 e5 2. Bb2 d6 3. d4 Qf6 4. e3 a6 5. a4 b6 6. Nd2 Bb7 7. dxe5 dxe5 8. Ngf3
Nd7 9. b5 axb5 10. axb5 c5 11. bxc6 Bxc6 12. Be2 Bd6 13. Nc4 Bc7 14. Rxa8+ Bxa8
15. O-O Ne7 16. g3 Qf5 17. Nh4 Qg5 18. Bg4 Nf6 19. Bf3 e4 20. Bxf6 Qxf6 21. Bg4
g5 22. Qd7+ Kf8 23. Nf5 Nxf5 24. Bxf5 h5 25. Qxc7 Qxf5 26. Qd8+ Kg7 27. Qd4+ Kh7
28. Qxb6 h4 29. Qc7 Rg8 30. Ne5 Bd5 31. Qd7 Be6 32. Qd6 Kg7 33. Qd4 Kh7 34. Nxf7
Bxf7 35. Qa7 Rg7 36. Qd4 h3 37. Qa7 Qf3 38. Qd4 Qg2# 0-1

[Event "TURNIEJ O PUCHAR UKS PALAC MLODZIEZY KATOWICE Z OKAZJI DNIA NIEPODLEGLOSCI"]
[Site "Centrum Kongresow i Rekreacji Orle Gniazdo ul. Wrzosowa 28a, Szczyrk"]
[Date "1899-12-30"]
[Round "5.37"]
[White "Zyhalko, Konrad"]
[Black "Ciesielski, Jan"]
[Result "0-1"]
[WhiteTitle "III"]
[BlackTitle "II+"]
[WhiteElo "1173"]
[BlackElo "1410"]

1. b4 c6 2. a3 d5 3. Bb2 Bf5 4. d3 e6 5. Nd2 Nf6 6. g3 Nbd7 7. Bg2 Be7 8. Ngf3
O-O 9. O-O Rc8 10. Re1 c5 11. c3 cxb4 12. cxb4 a5 13. bxa5 Qxa5 14. e4 dxe4 15.
dxe4 Bg6 16. Nb3 Qa4 17. Ne5 Nxe5 18. Bxe5 Rfd8 19. Qf3 Bxe4 20. Qe3 Bxg2 21.
Kxg2 Nd5 22. Qd4 Qxb3 23. Bxg7 Nf6 24. Rab1 Qxb1 25. Qxd8+ Rxd8 26. Rxb1 Kxg7
27. Rxb7 Bxa3 28. h4 Rd7 29. Rb3 Be7 30. Rb2 Nd5 31. Rb5 Bf6 32. Rb1 Nc3 33. Rc1
Rd2 34. Rf1 Bd4 35. Kf3 Rxf2+ 36. Rxf2 Bxf2 37. Kxf2 Ne4+ 38. Kf3 Nxg3 39. Kxg3
Kg6 40. Kg4 e5 41. Kf3 f5 42. Kg3 Kh5 43. Kh3 e4 44. Kg2 Kxh4 0-1

[Event "TURNIEJ O PUCHAR UKS PALAC MLODZIEZY KATOWICE Z OKAZJI DNIA NIEPODLEGLOSCI"]
[Site "Centrum Kongresow i Rekreacji Orle Gniazdo ul. Wrzosowa 28a, Szczyrk"]
[Date "1899-12-30"]
[Round "5.38"]
[White "Guzik, Kacper"]
[Black "Jendrowiak, Maciej"]
[Result "1-0"]
[WhiteTitle "II"]
[BlackTitle "III"]
[WhiteElo "1404"]
[BlackElo "1182"]

1. e4 e5 2. Nf3 Nc6 3. Bb5 Nf6 4. O-O d6 5. d4 a6 6. Ba4 b5 7. Bb3 exd4 8. Ng5
Ne5 9. f4 h6 10. fxe5 hxg5 11. exf6 gxf6 12. Qxd4 c5 13. Qxf6 Qxf6 14. Rxf6 c4
15. Bxc4 bxc4 16. Bxg5 Rg8 17. Bf4 Bh3 18. g3 Be6 19. Bh6 Be7 20. Rf1 Rg6 21.
Bf4 Rb8 22. b3 cxb3 23. axb3 Rb6 24. Nc3 Bf6 25. Bd2 Rc6 26. Rf3 Bd4+ 27. Kg2
Kd7 28. Rc1 Rg8 29. Nd5 Bxd5 30. exd5 Rc5 31. c4 Rb8 32. Rxf7+ Ke8 33. Rf3 a5
34. Re1+ Kd7 35. Rf7+ Kd8 36. Bg5+ 1-0

[Event "TURNIEJ O PUCHAR UKS PALAC MLODZIEZY KATOWICE Z OKAZJI DNIA NIEPODLEGLOSCI"]
[Site "Centrum Kongresow i Rekreacji Orle Gniazdo ul. Wrzosowa 28a, Szczyrk"]
[Date "1899-12-30"]
[Round "5.39"]
[White "Musin, Oliwia"]
[Black "Chodorowski, Adrian"]
[Result "0-1"]
[WhiteTitle "II"]
[BlackTitle "II"]
[WhiteElo "1171"]
[BlackElo "1392"]

1. c4 c5 2. Nc3 Nc6 3. g3 g6 4. Bg2 Bg7 5. e3 Nf6 6. Nge2 b6 7. O-O Bb7 8. b3 Rb8
9. Bb2 O-O 10. Ne4 Nxe4 11. Bxg7 Nxf2 12. Rxf2 Kxg7 13. d4 cxd4 14. Nxd4 Nxd4
15. exd4 Bxg2 16. Kxg2 d5 17. Qc2 Qd7 18. Rd1 Qb7 19. Kg1 Rfd8 20. c5 Rbc8 21.
Qb2 Kg8 22. cxb6 Qxb6 23. Rfd2 e5 24. Kg2 e4 25. Re2 Rc6 26. Rdd2 Rf6 27. Rf2
Rdd6 28. Rxf6 Rxf6 29. Rf2 Rxf2+ 30. Kxf2 Qf6+ 31. Kg1 Qf3 32. Qf2 Qd1+ 33. Kg2
Qd3 34. h3 f5 35. h4 h6 36. Kg1 Qd1+ 37. Kg2 Qd3 38. Kg1 g5 39. hxg5 hxg5 40.
Kg2 Qf3+ 41. Qxf3 exf3+ 42. Kxf3 Kf7 43. a3 Ke7 44. Ke3 Kd7 45. Kd3 Kc6 46. Kd2
a5 47. Kd3 Kb5 48. Kd2 a4 49. b4 Kc4 50. Kc2 0-1

[Event "TURNIEJ O PUCHAR UKS PALAC MLODZIEZY KATOWICE Z OKAZJI DNIA NIEPODLEGLOSCI"]
[Site "Centrum Kongresow i Rekreacji Orle Gniazdo ul. Wrzosowa 28a, Szczyrk"]
[Date "1899-12-30"]
[Round "5.41"]
[White "Szych, Adam"]
[Black "Marcinkowski, Jan"]
[Result "1/2-1/2"]
[WhiteTitle "II"]
[BlackTitle "II"]
[WhiteElo "1376"]
[BlackElo "1155"]

1. e4 c6 2. d4 d5 3. Nc3 dxe4 4. Nxe4 Bf5 5. Ng3 Bg6 6. Nh3 h6 7. Nf4 Bh7 8. c3
e6 9. Bd3 Bxd3 10. Qxd3 Nd7 11. Be3 Qc7 12. O-O Bd6 13. Nfe2 Ngf6 14. Ne4 Nxe4
15. Qxe4 Bxh2+ 16. Kh1 Bd6 17. Kg1 O-O-O 18. Bf4 Bxf4 19. Nxf4 Nf6 20. Qf3 g5
21. Nd3 Qe7 22. Ne5 h5 23. Rad1 g4 24. Qf4 Rh7 25. c4 Nd7 26. d5 exd5 27. Nxd7
Rxd7 28. cxd5 Rxd5 29. Rxd5 cxd5 30. Rc1+ Kd8 31. Qb8+ Kd7 32. Rc7+ Ke6 33. Rxe7+
Kxe7 34. Qe5+ Kf8 35. Qxd5 h4 36. Qf5 Rg7 37. Qh5 h3 38. gxh3 gxh3+ 39. Kf1 Rg6
40. Qxh3 Ke7 41. Qe3+ Re6 42. Qg5+ Kd6 43. Qb5 b6 44. Qa6 Re7 45. Qd3+ Kc6 46.
Qc4+ Kd7 47. Qa4+ Kd6 48. Kg2 a5 49. Qb5 Kc7 50. Kg3 Re6 51. Qf5 Rg6+ 52. Kh4
Kd6 53. Qxf7 Re6 54. Qf4+ Kd5 55. Qd2+ Kc6 56. Qc3+ Kd5 57. Qb3+ Ke5 58. Qxe6+
Kxe6 59. Kg4 Ke5 60. f4+ Kf6 61. Kf3 Kf5 62. Ke3 b5 63. b3 a4 64. b4 a3 65. Kf3
Kf6 66. Ke4 Ke6 67. f5+ Kf6 68. Kf4 Kf7 69. Ke5 Ke7 70. f6+ Kf7 71. Kf5 Kf8 72.
Ke6 Ke8 73. f7+ Kf8 74. Kd6 Kxf7 75. Kc6 Ke6 76. Kxb5 Kd5 77. Kb6 Kc4 78. Ka5
Kc3 79. Kb5 Kb2 80. Kc5 Kxa2 81. b5 Kb2 82. b6 a2 83. b7 Ka1 84. b8=Q Kb1 85.
Qe5 Kb2 86. Qe1 Kb1 87. Qd1+ Kb2 88. Qd4+ Kb1 89. Qb4+ Ka1 90. Qa3 Kb1 91. Qd3+
Kb2 92. Qd2+ Kb1 93. Qd1+ Kb2 94. Qd4+ Kb1 95. Qb4+ Ka1 96. Qc3+ Kb1 97. Qd3+
Kb2 98. Qd2+ Kb1 99. Qd1+ Kb2 100. Qd2+ Kb1 101. Qxa2+ 1/2-1/2

[Event "TURNIEJ O PUCHAR UKS PALAC MLODZIEZY KATOWICE Z OKAZJI DNIA NIEPODLEGLOSCI"]
[Site "Centrum Kongresow i Rekreacji Orle Gniazdo ul. Wrzosowa 28a, Szczyrk"]
[Date "1899-12-30"]
[Round "5.42"]
[White "Jaworski, Tymon"]
[Black "Wangrat, Jan"]
[Result "0-1"]
[WhiteTitle "II"]
[BlackTitle "II"]
[WhiteElo "1169"]
[BlackElo "1373"]

1. e4 c5 2. Nf3 Nc6 3. Bc4 g6 4. Nc3 Bg7 5. d3 e6 6. Be3 d6 7. O-O Nge7 8. Qd2
O-O 9. Bh6 a6 10. a3 b5 11. Ba2 Rb8 12. Bxg7 Kxg7 13. Ne2 b4 14. a4 d5 15. exd5
exd5 16. Rfe1 Be6 17. Nf4 c4 18. dxc4 dxc4 19. Nxe6+ fxe6 20. Rxe6 Qxd2 21. Nxd2
c3 22. bxc3 bxc3 23. Nf3 Rb2 24. Bb3 Re8 25. h3 Na5 26. Rxa6 Nxb3 27. cxb3 Rxb3
28. Ra7 Kf6 29. Nd4 Rb2 30. Rc1 Rc8 31. Ra6+ Kf7 32. Nc2 Nd5 33. Ra7+ Kg8 34.
Ne3 Nxe3 35. fxe3 c2 36. a5 Rb1 37. Rxb1 cxb1=Q+ 38. Kf2 Rc2+ 39. Kf3 Qd1+ 40.
Kg3 Qd6+ 41. Kf3 Qd5+ 42. Kf4 Rf2+ 43. Kg3 Qxg2+ 44. Kh4 Rf5 45. Ra8+ Qxa8 46.
a6 Qg2 47. a7 Qg5# 0-1

[Event "TURNIEJ O PUCHAR UKS PALAC MLODZIEZY KATOWICE Z OKAZJI DNIA NIEPODLEGLOSCI"]
[Site "Centrum Kongresow i Rekreacji Orle Gniazdo ul. Wrzosowa 28a, Szczyrk"]
[Date "1899-12-30"]
[Round "5.43"]
[White "Kulec, Gabriela"]
[Black "Wichura, Sara"]
[Result "1-0"]
[WhiteTitle "II"]
[BlackTitle "II"]
[WhiteElo "1370"]
[BlackElo "1148"]

1. c4 c5 2. Nc3 e6 3. Nf3 Nc6 4. g3 Nf6 5. Bg2 d6 6. O-O Be7 7. d3 O-O 8. e4 e5
9. Be3 Bg4 10. Qd2 Be6 11. a3 Ng4 12. Nd5 Nxe3 13. Nxe7+ Qxe7 14. fxe3 f6 15.
Rab1 Qf7 16. b4 b6 17. b5 Ne7 18. Rbc1 a6 19. a4 a5 20. Qc3 Qh5 21. Nd2 Bh3 22.
Nb3 Bxg2 23. Kxg2 Qg5 24. Qd2 Ng6 25. Rf5 Qh6 26. Qe2 Ne7 27. Rh5 Qg6 28. Rf1
h6 29. Rh4 Qh7 30. Qg4 g5 31. Rh5 Rad8 32. Qe6+ Kg7 33. Qxe7+ Kg8 34. Qxh7+ Kxh7
35. g4 Rf7 36. Rh3 Kg6 37. Rhf3 Rdf8 38. h3 h5 39. gxh5+ Kxh5 40. Kg3 Kg6 41.
d4 exd4 42. exd4 cxd4 43. Nxd4 1-0

[Event "TURNIEJ O PUCHAR UKS PALAC MLODZIEZY KATOWICE Z OKAZJI DNIA NIEPODLEGLOSCI"]
[Site "Centrum Kongresow i Rekreacji Orle Gniazdo ul. Wrzosowa 28a, Szczyrk"]
[Date "1899-12-30"]
[Round "5.44"]
[White "Przepiora, Anna"]
[Black "Zubrycka, Marta"]
[Result "1-0"]
[WhiteTitle "II+"]
[BlackTitle "II"]
[WhiteElo "1354"]
[BlackElo "1108"]

1. e4 e5 2. Nf3 Nc6 3. d4 exd4 4. Nxd4 Bc5 5. Be3 Bxd4 6. Bxd4 Nxd4 7. Qxd4 Nf6
8. e5 Ng8 9. Bc4 d6 10. exd6 cxd6 11. O-O Bd7 12. Re1+ Ne7 13. Qxd6 Rc8 14. Bb3
Rc7 15. Qe5 O-O 16. Qxe7 Qxe7 17. Rxe7 h6 18. Nc3 a6 19. Rd1 Rd8 20. Rxf7 Kh8
21. Be6 Re8 22. Rfxd7 Rxd7 23. Bxd7 Rf8 24. Kf1 b5 25. a4 Rf7 26. axb5 axb5 27.
Nxb5 Rf6 28. c4 Ra6 29. b4 Ra4 30. c5 Rxb4 31. c6 Rc4 32. c7 Kh7 33. c8=Q Rxc8
34. Bxc8 Kg6 35. f4 h5 36. Rd6+ Kh7 37. Bf5+ Kg8 38. Kf2 Kf8 39. Rd7 Ke8 40. Rxg7
Kf8 41. Ra7 Ke8 42. Ke3 Kf8 43. Ke4 Kg8 44. Ke5 Kf8 45. Ke6 Kg8 46. Kf6 Kh8 47.
Kg6 Kg8 48. Ra8# 1-0

[Event "TURNIEJ O PUCHAR UKS PALAC MLODZIEZY KATOWICE Z OKAZJI DNIA NIEPODLEGLOSCI"]
[Site "Centrum Kongresow i Rekreacji Orle Gniazdo ul. Wrzosowa 28a, Szczyrk"]
[Date "1899-12-30"]
[Round "5.45"]
[White "Piersiak, Krystian"]
[Black "Karys, Katarzyna"]
[Result "1-0"]
[WhiteTitle "II"]
[BlackTitle "II"]
[WhiteElo "1348"]
[BlackElo "1102"]

1. e4 e5 2. Nf3 Nc6 3. Nc3 Nf6 4. d4 exd4 5. Nxd4 Bc5 6. Be3 O-O 7. f3 d6 8. Be2
Be6 9. Nxc6 bxc6 10. Bxc5 dxc5 11. O-O Qd4+ 12. Qxd4 cxd4 13. Na4 Rab8 14. b3
Rfd8 15. Nc5 Rd6 16. Na6 Rb6 17. e5 Rd5 18. exf6 gxf6 19. Nxc7 Rg5 20. Nxe6 fxe6
21. Bc4 Kf7 22. Rfe1 c5 23. a4 a5 24. Re4 Ke7 25. Rae1 e5 26. f4 Rf5 27. fxe5
h5 28. exf6+ Kxf6 29. Re6+ Kg5 30. Rxb6 h4 31. Ree6 h3 32. g3 Kg4 33. Be2+ Kg5
34. Rg6# 1-0